| 000 | 00399nam a2200157 a 4500 | ||
|---|---|---|---|
| 001 | 897 | ||
| 003 | CO-ViMGA | ||
| 008 | 141112s2004 ck r 000 u spa d | ||
| 040 |
_aCO-ViMGA _bspa _cCO-ViMGA |
||
| 082 | 0 | 4 | _aBEAh |
| 100 | 1 | _aBeal, Kathleen | |
| 245 | 1 | 0 | _aHere it's winter |
| 260 |
_aMassachesetts : _bAddison - Wesly, _c1991 |
||
| 650 | 1 | 4 | _aCANCIONES INFANTILES EN INGLES |
| 942 |
_2ddc _cBK |
||
| 999 |
_c13127 _d13127 |
||